A novel manufacturing processing route for forming high-density ceramic armor materials : phase I - SBIR /

Bibliographic Details
Main Author: Raman, Ramas V. (Author)
Format: Government Document eBook
Language:English
Published: Aberdeen Proving Ground, MD : Army Research Laboratory, 1999.
Subjects:
Online Access:https://purl.fdlp.gov/GPO/gpo86815

MARC

Tag First Indicator Second Indicator Subfields
LEADER 00000nam a2200000Ii 4500
001 in00003968310
005 20180129103323.0
006 m o d f
007 cr |||||||||||
008 171127s1999 mdua ob f000 0 eng d
035 |a (OCoLC)on1012944019 
040 |a GPO  |b eng  |e rda  |e pn  |c GPO  |d MvI 
049 |a WWW 
074 |a 0324-A-07 (online) 
088 |a ARL-CR-437 
086 0 |a D 101.133/6:437 
100 1 |a Raman, Ramas V.,  |e author. 
245 1 2 |a A novel manufacturing processing route for forming high-density ceramic armor materials :  |b phase I - SBIR /  |c by Ramas V. Raman. 
264 1 |a Aberdeen Proving Ground, MD :  |b Army Research Laboratory,  |c 1999. 
300 |a 1 online resource (viii, 38 pages) :  |b illustrations 
336 |a text  |b txt  |2 rdacontent 
337 |a computer  |b c  |2 rdamedia 
338 |a online resource  |b cr  |2 rdacarrier 
500 |a "April 1999." 
500 |a "ARL-CR-437." 
504 |a Includes bibliographic references (pages 29-31). 
506 |a Approved for public release; distribution is unlimited. 
513 |a Final;  |b 25 Apr 91 - 11 Dec 91. 
536 |a Prepared by Ceracon, Inc.  |b DAA 15-01-C-0087 
588 |a Description based on online resource, title from PDF cover page (ARL website, viewed Nov. 20, 2017). 
650 0 |a Ceramic materials. 
650 0 |a Armor-plate  |x Materials. 
650 0 |a Self-propagating high-temperature synthesis. 
710 2 |a U.S. Army Research Laboratory,  |e issuing body. 
856 4 0 |u https://purl.fdlp.gov/GPO/gpo86815  |t 0 
999 f f |s 6928195c-1055-3bfc-80aa-a09c8a73dfba  |i 73e812cd-51c6-380a-a87d-d14993308908  |t 0 
952 f f |a Texas A&M University  |b College Station  |c Electronic Resources  |d Available Online  |t 0  |e D 101.133/6:437  |h Superintendent of Documents classification 
998 f f |a D 101.133/6:437  |t 0  |l Available Online